EL MUNDO DEL POST-FORDISMO /

INCLUYE BIBLIOGRAFIA

Guardado en:
Detalles Bibliográficos
Autor principal: Lipietz, Alain (autor)
Formato: Libro
Colección:CUADERNOS DEL CUCSH. ESTUDIOS DE ESTADO Y SOCIEDAD
Temas:
Etiquetas: Agrega una etiqueta
Sin etiquetas, Sé el primero en etiquetar este registro!

MARC

LEADER 00000nam^a2200000^a^4500
001 000247068
005 20250521000000.0
009 20260310105601.612
035 |a 070720 
037 |a Acervo Xavier Clavigero 
082 |a 338. 9 LIP 
100 |a Lipietz, Alain  |e (autor) 
245 1 3 |a EL MUNDO DEL POST-FORDISMO /  |c ALAIN LIPIETZ 
264 |a Guadalajara, México :  |b U DE G,  |c 1997 
300 |a 57 p. :  |b tbs. 
336 |a texto  |b txt  |2 rdacontenido 
337 |a sin mediación  |b n  |2 rdamedio 
338 |a volumen  |b nc  |2 rdasoporte 
440 |a CUADERNOS DEL CUCSH. ESTUDIOS DE ESTADO Y SOCIEDAD 
520 |a INCLUYE BIBLIOGRAFIA 
649 |a XX 
650 |a Desarrollo Económico-Social 
650 |a Apertura Comercial e Integración Económica 
650 |a División del Trabajo 
910 |a Fondo General 
920 |a Impresos - Libros 
930 |a Colección General 
905 |a 101 
901 |a 070720  |b IT1  |c ACC  |i 070720  |u 20250521 
902 |a https://opac.biblio.iteso.mx/vufind/Record/000247068